000
00329nam a2200133Ia 4500
008
150301s2013 xx 000 0 und d
082
_a
648
_b
RAG
100
_a
RAGHUBALAN, G
245
_a
HOTEL HOUSEKEEPING OPERATION & MGMT.
250
_a
2ND
260
_b
OXFORD UNIVERSITY PRESS.
_c
2013
300
_a
732
942
_2
ddc
_c
BK
_0
47
999
_c
7040
_d
7040